Gaming Quiz

Random Gaming Quiz
Score 0/10 Timer 05:00
0 Plays Today
Question Answer % Correct
Which Warlock challenged Vinter Realthorn for control of Skorne?Makeda
84.7%
What is the name of the Butchers Axe?Lola
84.7%
Who is Captain Haley's twin sister?Deneghra
83.6%
Which nation is resposible for killing Lylth's father?Khador
83.6%
Who wields the only weapon that can properley divide the Athank?Thagrosh
70.6%
Who are the two main gods of man in the Iron Kingdom?Morrow & Menoth
68.4%
Which Warlock is known to wear a very special pair of goggles?Grim Angus
66.7%
Whos weapon was used to kill Hierarch Voyle?The harbinger of menoth
50.3%
How long did the Orgoth Occupation of Immoran Last?600 years
19.8%
What ability was originally printed for Herne and Jonne, but was never defined and later removed?Slow
13.6%
Remove Ads.
Support Sporcle.
Get the best of Sporcle when you Go Orange. This ad-free experience offers more features, more stats, and more fun while also helping to support Sporcle. Thank you for becoming a member.

You're not logged in!

Compare scores with friends on all Sporcle quizzes.
OR
Log In

Show Comments

Extras

Created Oct 19, 2010ReportNominate

Top Quizzes Today


Score Distribution

Your Account Isn't Verified!

In order to create a playlist on Sporcle, you need to verify the email address you used during registration. Go to your Sporcle Settings to finish the process.

Report this User

Report this user for behavior that violates our Community Guidelines.

Details: